Business vocabulary in use (Registro nro. 44861)

Detalles MARC
000 -ENCABEZADO
Número de control [NR] 01070nam a2200277Ia 4500
005 - FECHA Y HORA DE LA ÚLTIMA TRANSACCIÓN
control field 20250515085133.0
008 - DE LONGITUD FIJA DE DATOS DE ELEMENTOS - INFORMACIÓN GENERAL
Elementos de longitud fija [NR] 130821s2002 enka gr eng
020 ## - NUMERO INTERNACIONAL NORMALIZADO PARA LIBROS [R]
Número Internacional Normalizado del libro [NR] 521775299
020 ## - NUMERO INTERNACIONAL NORMALIZADO PARA LIBROS [R]
Número Internacional Normalizado del libro [NR] 9781316629987
040 ## - FUENTE DE CATALOGACION [NR]
Agencia de catalogación original [NR] Co-BoUCM
Idioma de catalogación [NR] spa
Quien Cataloga David Moreno (modificó)
Quien Clasifica David Moreno (modificó)
041 00 - CODIGO DE IDIOMA [R]
Código de idioma para texto/pista de sonido o título separado [R] Inglés
100 1# - ASIENTO PRINCIPAL--NOMBRE PERSONAL [NR]
Nombre personal [NR] Mascull, Bill
ID Autoridad 161683
245 10 - MENCION DE TITULO [NR]
Título [NR] Business vocabulary in use
Parte restante del título [NR] Intermediate. Self-study and classroom use
Mención de responsabilidad, etc. [NR] Bill Mascull
260 ## - PUBLICACION, DISTRIBUCION, ETC. (PIE DE IMPRENTA) [R]
Lugar de publicación, distribución, etc. [R] Cambridge (Inglaterra)
Nombre del editor, distribuidor, etc. [R] Cambridge University Press
Fecha de publicación, distribución, etc. [R] 2017
300 ## - DESCRIPCION FISICA [R]
Extensión [R] 176 Páginas
Otros detalles físicos [NR] ilustraciones, gráficas
490 0# - MENCION DE SERIE [R]
Mención de serie [R] Cambridge Professional English
504 ## - NOTA DE BIBLIOGRAFIA, ETC. [R]
Nota de bibliografía, etc. [NR] Incluye referencias bibliográficas e índices
650 04 - ASIENTO SECUNDARIO DE MATERIA - TERMINO TEMATICO [R]
Término temático o nombre geográfico como elemento de entrada [NR] Administración
Subdivisión de forma [R] Vocabulario
9 (RLIN) 7252
650 04 - ASIENTO SECUNDARIO DE MATERIA - TERMINO TEMATICO [R]
Término temático o nombre geográfico como elemento de entrada [NR] Inglés
Subdivisión de forma [R] Libros de texto
9 (RLIN) 78298
650 04 - ASIENTO SECUNDARIO DE MATERIA - TERMINO TEMATICO [R]
Término temático o nombre geográfico como elemento de entrada [NR] Inglés
Subdivisión de forma [R] Textos para extranjeros
9 (RLIN) 7745
650 04 - ASIENTO SECUNDARIO DE MATERIA - TERMINO TEMATICO [R]
Término temático o nombre geográfico como elemento de entrada [NR] Inglés
Subdivisión de forma [R] Vocabulario
9 (RLIN) 7745
650 04 - ASIENTO SECUNDARIO DE MATERIA - TERMINO TEMATICO [R]
Término temático o nombre geográfico como elemento de entrada [NR] Lingüística aplicada
9 (RLIN) 439
Subdivisión general [R] Lengua inglesa
650 04 - ASIENTO SECUNDARIO DE MATERIA - TERMINO TEMATICO [R]
Término temático o nombre geográfico como elemento de entrada [NR] Negocios
Subdivisión de forma [R] Vocabulario
9 (RLIN) 20172
942 ## - ELEMENTOS DE ENTRADA AGREGADOS (KOHA)
Tipo de ítem principal el descrito en 300a Libro
Tema principal Lingüística
Edición 3
Parte restante de la signatura top. M395b
Sistema de clasificación DEWEY
Clasificación 428
Título oculto en OPAC No
Existencias
Total préstamos Signatura topográfica Código de barras Última vez visto Volúmen / Fascículo Ejemplar Price effective from Tipo de ítem Perdido Sistema de clasificación Dañado No prestable Tipo de ítem específico Suprimido Ubicación habitual Ubicación actual Localización Fecha de creación Forma de adquisición Costo
  428 M395b 100174047 03/12/2025 3a.Ed Ej.1 15/05/2025 Libro   DEWEY     Libro   Claustro Claustro 4to piso 15/05/2025 Compra 165792.00